| 000 | 00517nam a22001577a 4500 | ||
|---|---|---|---|
| 020 | _qHard Cover. | ||
| 082 | _a004-ALI | ||
| 100 | _aDiltaj Ali. | ||
| 245 |
_aDevelopment of Computational Framework for Stare Separation from Cavities / _cAli, Diltaj |
||
| 260 |
_aIslamabad: _bRCMS-NUST, _c2021. |
||
| 300 |
_a84 p. : _bill. ; _c30cm |
||
| 650 |
_aMS-Computational Science and Engineering. _981456 |
||
| 700 |
_aDr. Adnan Maqsood _920892 |
||
| 942 |
_2ddc _cTHE |
||
| 999 |
_c586502 _d586502 |
||